<?xml version="1.0" encoding="UTF-8"?><?xml-stylesheet type="text/xsl" href="static/style.xsl"?><OAI-PMH xmlns="http://www.openarchives.org/OAI/2.0/" xmlns:xsi="http://www.w3.org/2001/XMLSchema-instance" xsi:schemaLocation="http://www.openarchives.org/OAI/2.0/ http://www.openarchives.org/OAI/2.0/OAI-PMH.xsd"><responseDate>2026-04-14T08:39:03Z</responseDate><request verb="GetRecord" identifier="oai:www.recercat.cat:2072/257419" metadataPrefix="marc">https://recercat.cat/oai/request</request><GetRecord><record><header><identifier>oai:recercat.cat:2072/257419</identifier><datestamp>2024-12-13T11:07:19Z</datestamp><setSpec>com_2072_96871</setSpec><setSpec>com_2072_96852</setSpec><setSpec>com_2072_2015</setSpec><setSpec>col_2072_228899</setSpec></header><metadata><record xmlns="http://www.loc.gov/MARC21/slim" xmlns:dcterms="http://purl.org/dc/terms/" xmlns:xsi="http://www.w3.org/2001/XMLSchema-instance" xmlns:doc="http://www.lyncode.com/xoai" xsi:schemaLocation="http://www.loc.gov/MARC21/slim http://www.loc.gov/standards/marcxml/schema/MARC21slim.xsd">
   <leader>00925njm 22002777a 4500</leader>
   <datafield ind2=" " ind1=" " tag="042">
      <subfield code="a">dc</subfield>
   </datafield>
   <datafield ind2=" " ind1=" " tag="720">
      <subfield code="a">Gil Cano, Damià</subfield>
      <subfield code="e">author</subfield>
   </datafield>
   <datafield ind2=" " ind1=" " tag="720">
      <subfield code="a">López Borrull, Alexandre</subfield>
      <subfield code="e">author</subfield>
   </datafield>
   <datafield ind2=" " ind1=" " tag="520">
      <subfield code="a">Peer-reviewed</subfield>
   </datafield>
   <datafield ind2=" " ind1=" " tag="520">
      <subfield code="a">El canvi del paradigma tecnològic ha provocat un canvi en el consum de la informació. En tant que ubiqua, la informació en format digital és accessible des de qualsevol lloc i en qualsevol moment. En l'àmbit acadèmic aquesta accessibilitat ha provocat, entre altres fets, que la biblioteca física ja no sigui el punt de partida de la recerca acadèmica. En aquest sentit els bibliotecaris universitaris, atents a tots aquests canvis, estan aprofitant aquestes noves oportunitats per oferir nous
serveis adaptats a les noves necessitats informacionals dels seus usuaris. A partir de la figura de recent aparició del bibliotecari integrat s'estudia una possible adaptació dels serveis bibliotecaris de suport a la recerca a la Universitat de Girona. S'analitza l'estat actual i es fan un seguit de propostes amb la intenció de potenciar la col·laboració entre els bibliotecaris i els investigadors a la UdG.</subfield>
   </datafield>
   <datafield ind2=" " ind1=" " tag="520">
      <subfield code="a">El cambio del paradigma tecnológico ha provocado un cambio en el consumo de la información. En cuanto que ubicua, la
información en formato digital es accesible desde cualquier lugar y en cualquier momento. En el ámbito académico esta accesibilidad ha provocado, entre otros hechos, que la biblioteca física ya no sea el punto de partida de la investigación académica. En este sentido los bibliotecarios universitarios, atentos a todos estos cambios, están aprovechando estas nuevas oportunidades para ofrecer nuevos servicios adaptados a las nuevas necesidades informacionales de sus usuarios. A partir
de la figura de reciente aparición del bibliotecario integrado se estudia una posible adaptación de los servicios bibliotecarios
de apoyo a la investigación en la Universitat de Girona. Se analiza el estado actual y se hacen una serie de propuestas con la intención de potenciar la colaboración entre los bibliotecarios y los investigadores en la UdG.</subfield>
   </datafield>
   <datafield ind2=" " ind1=" " tag="520">
      <subfield code="a">The technological paradigm shift has caused a change in the consumption of information. Ubiquitously, the digital information is accessible from anywhere at any time.  Academically this accessibility has led to, among other facts, that the physical library is no longer the starting point of academic research. In this sense librarians, aware of all these changes, are taking advantage of these new opportunities to offer new services adapted to the informational needs of their users. From the emerging figure named embedded librarian, we attempt to study in this work a possible adaptation of library services to
research support at the University of Girona. We have analyzed the current status and come up with some proposals intended to enhance collaboration between librarians and  researchers at the Universitat de Girona.</subfield>
   </datafield>
   <datafield ind1="8" ind2=" " tag="024">
      <subfield code="a">Gil-Cano, Damià; López-Borrull, Alexandre (2014). "El bibliotecari integrat a la Universitat de Girona: propostes de nous serveis bibliotecaris". Item: revista de biblioteconomia i documentació, núm. 58. p. 95-113. ISSN 1699-521X</subfield>
   </datafield>
   <datafield ind1="8" ind2=" " tag="024">
      <subfield code="a">1699-521X</subfield>
   </datafield>
   <datafield ind1="8" ind2=" " tag="024">
      <subfield code="a">http://hdl.handle.net/10609/44942</subfield>
   </datafield>
   <datafield tag="653" ind2=" " ind1=" ">
      <subfield code="a">bibliotecari integrat</subfield>
   </datafield>
   <datafield tag="653" ind2=" " ind1=" ">
      <subfield code="a">suport a la recerca</subfield>
   </datafield>
   <datafield tag="653" ind2=" " ind1=" ">
      <subfield code="a">Universitat de Girona</subfield>
   </datafield>
   <datafield tag="653" ind2=" " ind1=" ">
      <subfield code="a">serveis bibliotecaris</subfield>
   </datafield>
   <datafield tag="653" ind2=" " ind1=" ">
      <subfield code="a">innovació bibliotecària</subfield>
   </datafield>
   <datafield tag="653" ind2=" " ind1=" ">
      <subfield code="a">bibliotecario integrado</subfield>
   </datafield>
   <datafield tag="653" ind2=" " ind1=" ">
      <subfield code="a">Universitat de Girona</subfield>
   </datafield>
   <datafield tag="653" ind2=" " ind1=" ">
      <subfield code="a">soporte a la investigación</subfield>
   </datafield>
   <datafield tag="653" ind2=" " ind1=" ">
      <subfield code="a">servicios bibliotecarios</subfield>
   </datafield>
   <datafield tag="653" ind2=" " ind1=" ">
      <subfield code="a">innovación bibliotecaria</subfield>
   </datafield>
   <datafield tag="653" ind2=" " ind1=" ">
      <subfield code="a">embedded librarian</subfield>
   </datafield>
   <datafield tag="653" ind2=" " ind1=" ">
      <subfield code="a">Universitat de Girona</subfield>
   </datafield>
   <datafield tag="653" ind2=" " ind1=" ">
      <subfield code="a">research support</subfield>
   </datafield>
   <datafield tag="653" ind2=" " ind1=" ">
      <subfield code="a">library services</subfield>
   </datafield>
   <datafield tag="653" ind2=" " ind1=" ">
      <subfield code="a">libraries innovation</subfield>
   </datafield>
   <datafield tag="653" ind2=" " ind1=" ">
      <subfield code="a">Academic libraries</subfield>
   </datafield>
   <datafield tag="653" ind2=" " ind1=" ">
      <subfield code="a">Biblioteques universitàries</subfield>
   </datafield>
   <datafield tag="653" ind2=" " ind1=" ">
      <subfield code="a">Bibliotecas universitarias</subfield>
   </datafield>
   <datafield ind2="0" ind1="0" tag="245">
      <subfield code="a">El bibliotecari integrat a la Universitat de Girona: propostes de nous serveis bibliotecaris</subfield>
   </datafield>
</record></metadata></record></GetRecord></OAI-PMH>